Statistics for Unrecognised Nations #5

Click here to take the quiz!

General Stats

  • This quiz has been taken 50 times
  • The average score is 4 of 10

Answer Stats

Country Situated InStarts withAnswer% Correct
BelgiumFFlanders
74%
DenmarkFFaroe Islands
70%
United KingdomGGibraltar
68%
RussiaCChechnya
54%
New ZealandNNiue
52%
New ZealandCCook Islands
50%
Papua New GuineaBBouganville
30%
GreeceEEpirus
20%
RomaniaSSzeklerland
10%
ItalySSouth Tyrol
8%

Score Distribution

Percentile by Number Answered

Percent of People with Each Score

Your Score History

You have not taken this quiz